Atlas de dermatología clínica para el médico general / (Record no. 31224)

MARC details
000 -LEADER
campo de control de longitud fija 00652nam a2200181 i 4500
001 - NÚMERO DE CONTROL
campo de control 31224
003 - IDENTIFICADOR DE NÚMERO DE CONTROL
campo de control ES-MaACL
005 - FECHA Y HORA DE LA ÚLTIMA TRANSACCIÓN
campo de control 20230906154335.0
007 - CAMPO FIJO DE DESCRIPCIÓN FÍSICA--INFORMACIÓN GENERAL
campo de control de longitud fija t|
008 - DATOS DE LONGITUD FIJA--INFORMACIÓN GENERAL
campo de control de longitud fija 030128s1966 sp ||||1| spa d
100 1# - ENTRADA PRINCIPAL--NOMBRE DE PERSONA
Nombre de persona Behrman, Howard T.
9 (RLIN) 27063
245 10 - MENCIÓN DEL TÍTULO
Título Atlas de dermatología clínica para el médico general /
Mención de responsabilidad, etc. Howard T. Behrman con la colaboración de theodore A. Labow ; versión, J. Mª Giménez Camarasa.
260 ## - PUBLICACIÓN, DISTRIBUCIÓN, ETC.
Lugar de publicación, distribución, etc. Barcelona :
Nombre del editor, distribuidor, etc. Científico Médica,
Fecha de publicación, distribución, etc. 1966.
300 ## - DESCRIPCIÓN FÍSICA
Extensión 191 p., 8 lám. ;
Dimensiones 26 cm.
700 1# - ENTRADA AGREGADA--NOMBRE PERSONAL
Nombre de persona Labow, Theodore A.
9 (RLIN) 69269
700 1# - ENTRADA AGREGADA--NOMBRE PERSONAL
Nombre de persona Giménez Camarasa, José María.
9 (RLIN) 147033
852 ## - LOCALIZACIÓN
Ubicación ES-MaACL
Número de control de estantería C-31246
Sublocalización o colección R.61772
Holdings
Estatus retirado Estado de pérdida Estado de daño No para préstamo Biblioteca de origen Biblioteca actual Ubicación en estantería Fecha de adquisición Fuente de adquisición Total de préstamos Signatura topográfica completa Código de barras Visto por última vez Precio de reemplazo Tipo de ítem Koha
        Biblioteca del Ateneo de Madrid Biblioteca del Ateneo de Madrid Depósito 2 17/01/2008     C-31246 1032258 23/02/2023 23/02/2023 Libro impreso